|
|
|
|
| LEADER |
00000naa2a2200000 4500 |
| 001 |
392777 |
| 005 |
20231101064313.0 |
| 035 |
|
|
|a (RuTPU)RU\TPU\prd\28273
|
| 090 |
|
|
|a 392777
|
| 100 |
|
|
|a 20040927a2004 k y0rusy50 ca
|
| 101 |
0 |
|
|a rus
|
| 102 |
|
|
|a RU
|
| 200 |
1 |
|
|a Уран-45
|f И. С. Дровеников, С. В. Романов
|
| 320 |
|
|
|a Библиогр.: 15 назв.
|
| 461 |
|
1 |
|0 (RuTPU)RU\TPU\prd\304
|x 0032-874X
|t Природа
|o естественно-научный журнал
|f Российская Академия наук
|d 1912-
|
| 463 |
|
1 |
|0 (RuTPU)RU\TPU\prd\72994
|t № 6
|v с. 74-80
|d 2004
|
| 610 |
1 |
|
|a уран
|
| 610 |
1 |
|
|a атомные бомбы
|
| 700 |
|
1 |
|a Дровеников
|b И. С.
|
| 701 |
|
1 |
|a Романов
|b С. В.
|
| 801 |
|
1 |
|a RU
|b 63413507
|c 20040927
|g PSBO
|
| 801 |
|
2 |
|a RU
|b 63413507
|c 20100120
|g RCR
|
| 942 |
|
|
|c BK
|